Proceedings of the seventh international conference on tropical bees: Management and diversity and fith Asian apicultural association conference : Chiang Mai, Thailand, 19-25 March 2000
The aim of the conference is to bring together the international scientific community involved in the study of tropical bees. The conference is not just a gathering of the world's finest mind sharing the latest information on the science of honeybees,...
Salvato in:
| Ente Autore: | |
|---|---|
| Natura: | Libro |
| Lingua: | Undetermined |
| Pubblicazione: |
Chaing Mai, Thailand
International Bee Research Association
2000
|
| Soggetti: | |
| Tags: |
Aggiungi Tag
Nessun Tag, puoi essere il primo ad aggiungerne! !
|
| Thư viện lưu trữ: | Trung tâm Học liệu Trường Đại học Cần Thơ |
|---|
| LEADER | 01068nam a2200217Ia 4500 | ||
|---|---|---|---|
| 001 | CTU_143828 | ||
| 008 | 210402s9999 xx 000 0 und d | ||
| 082 | |a 638.1 | ||
| 082 | |b I.61 | ||
| 110 | |a International Bee Research Association | ||
| 245 | 0 | |a Proceedings of the seventh international conference on tropical bees: Management and diversity and fith Asian apicultural association conference : | |
| 245 | 0 | |b Chiang Mai, Thailand, 19-25 March 2000 | |
| 245 | 0 | |c International Bee Research Association | |
| 260 | |a Chaing Mai, Thailand | ||
| 260 | |b International Bee Research Association | ||
| 260 | |c 2000 | ||
| 520 | |a The aim of the conference is to bring together the international scientific community involved in the study of tropical bees. The conference is not just a gathering of the world's finest mind sharing the latest information on the science of honeybees,... | ||
| 650 | |a Bee culture,Bee culture,Nuôi ong | ||
| 650 | |x Congresses | ||
| 650 | |z Tropics,Vùng nhiệt đới | ||
| 980 | |a Trung tâm Học liệu Trường Đại học Cần Thơ | ||